Skip to main content
Your cart is empty.
Your lists
Log in to create your own lists
Your cookies
العربية
English
العربية
Home
Search
Advanced search
Authority search
About
The noble scholar, jurist, historian
His Excellency Dr. Abdul Wahhab bin Ibrahim Abu Sulaiman, may Allah have mercy on him.
He was born in Umm Al-Qura in the year 1356 AH.
Library catalog
Title
Author
Subject
ISBN
ISSN
Series
Call number
Log in to your account
×
Login:
Password:
Home
MARC view: عنوان المجد في بيان أحوال بغداد والبصرة ونجد =
Normal view
MARC view
ISBD view
عنوان المجد في بيان أحوال بغداد والبصرة ونجد = (Record no. 10016)
[
view plain
]
MARC details
000 -LEADER
fixed length control field
03025cam a22003611i 4500
003 - CONTROL NUMBER IDENTIFIER
control field
SA-RiAUC
005 - DATE AND TIME OF LATEST TRANSACTION
control field
20250717091850.0
008 - FIXED-LENGTH DATA ELEMENTS--GENERAL INFORMATION
fixed length control field
250716s1999 le g 000 0 ara c
040 ## - CATALOGING SOURCE
Original cataloging agency
AE-AiULD
Language of cataloging
ara
Transcribing agency
SA-RiAUC
Modifying agency
KAC
Description conventions
rda
043 ## - GEOGRAPHIC AREA CODE
Geographic area code
a-su---
--
a-iq---
082 04 - DEWEY DECIMAL CLASSIFICATION NUMBER
Classification number
956.722
090 ## - LOCALLY ASSIGNED LC-TYPE CALL NUMBER (OCLC); LOCAL CALL NUMBER (RLIN)
Classification number (OCLC) (R) ; Classification number, CALL (RLIN) (NR)
956.722
Local cutter number (OCLC) ; Book number/undivided call number, CALL (RLIN)
ح ي د
100 1# - MAIN ENTRY--PERSONAL NAME
Personal name
الحيدري، إبراهيم بن صبغة الله بن أسعد،
Dates associated with a name
1299-1235 هجري.
Relator term
مؤلف.
245 10 - TITLE STATEMENT
Title
عنوان المجد في بيان أحوال بغداد والبصرة ونجد =
Remainder of title
Unwan al majd fi bayan ahwal Baghdad w al"Basrah wa Najd /
Statement of responsibility, etc.
تأليف إبراهيم فصيح بن السيد صبغة الله بن الحيدري البغدادي ؛ تحقيق كوركيس عواد، ياسين باش أعيان.
246 31 - VARYING FORM OF TITLE
Title proper/short title
Unwan al majd fi bayan ahwal Baghdad w al"Basrah wa Najd
250 ## - EDITION STATEMENT
Edition statement
الطبعة الأولى.
264 #1 - PRODUCTION, PUBLICATION, DISTRIBUTION, MANUFACTURE, AND COPYRIGHT NOTICE
Place of production, publication, distribution, manufacture
بيروت :
Name of producer, publisher, distributor, manufacturer
الدار العربية للموسوعات،
Date of production, publication, distribution, manufacture, or copyright notice
1999.
300 ## - PHYSICAL DESCRIPTION
Extent
274 صفحة ؛
Dimensions
24 سم
336 ## - CONTENT TYPE
Content type term
نص
Content type code
txt
Source
rdacontent
Materials specified
كتاب
337 ## - MEDIA TYPE
Media type term
بدون وسيط
Media type code
n
Source
rdamedia
338 ## - CARRIER TYPE
Carrier type term
مجلد
Carrier type code
nc
Source
rdacarrier
500 ## - GENERAL NOTE
General note
غلاف مصور.
520 ## - SUMMARY, ETC.
Summary, etc.
كتاب "عنوان المجد في بيان أحوال بغداد والبصرة ونجد" هو عمل تاريخي مهم من تأليف العلامة إبراهيم فصيح الحيدري البغدادي، الذي توفي في عام 1882 م. يتناول الكتاب تاريخ وأحوال بغداد والبصرة ونجد في فصول متعددة، حيث يتضمن ستة أبواب عن بغداد، وأربعة أبواب عن البصرة، وستة أبواب عن نجد، بالإضافة إلى مقدمة وخاتمة. الكتاب يحتوي على معلومات قيمة عن القبائل العربية في الجزيرة العربية والعراق، ويؤرخ لفترة زمنية كانت مليئة بالصراعات بين الدولة العثمانية والدولة الصفوية. كما يتناول الكتاب شخصية الشيخ محمد بن عبد الوهاب والحركة السلفية، ويقدم تفاصيل عن بغداد والبصرة ترد على الآراء التي تنفي وجود العراق ككيان سياسي واجتماعي محدد قبل قيام المملكة العراقية.
590 ## - LOCAL NOTE (RLIN)
Local note
السناني.
651 #7 - SUBJECT ADDED ENTRY--GEOGRAPHIC NAME
Geographic name
البصرة (العراق)
General subdivision
تاريخ إسلامي
Source of heading or term
aucsh
651 #7 - SUBJECT ADDED ENTRY--GEOGRAPHIC NAME
Geographic name
بغداد (العراق)
General subdivision
تاريخ إسلامي
Source of heading or term
aucsh
651 #7 - SUBJECT ADDED ENTRY--GEOGRAPHIC NAME
Geographic name
نجد (السعودية)
General subdivision
تاريخ إسلامي
Source of heading or term
aucsh
700 12 - ADDED ENTRY--PERSONAL NAME
Relationship information
تحقيق لـ :
Personal name
الحيدري، إبراهيم بن صبغة الله بن أسعد،
Dates associated with a name
1299-1235 هجري.
Title of a work
عنوان المجد في بيان أحوال بغداد والبصرة ونجد.
700 1# - ADDED ENTRY--PERSONAL NAME
Personal name
عواد، كوركيس،
Dates associated with a name
1908-1992
Relator term
محقق.
700 1# - ADDED ENTRY--PERSONAL NAME
Personal name
باش أعيان، ياسين
Relator term
محقق.
942 ## - ADDED ENTRY ELEMENTS (KOHA)
Source of classification or shelving scheme
Dewey Decimal Classification
Koha item type
Books
Suppress in OPAC
No
949 ## - LOCAL PROCESSING INFORMATION (OCLC)
a
SA-JeALM
d
250716
u
mohamedma123
n
1
Holdings
Withdrawn status
Lost status
Source of classification or shelving scheme
Damaged status
Not for loan
Home library
Current library
Date acquired
Total checkouts
Full call number
Barcode
Date last seen
Price effective from
Koha item type
Dewey Decimal Classification
DR AbdElwahab Library
DR AbdElwahab Library
07/17/2025
956.722 ح ي د
000016135
07/17/2025
07/17/2025
Books
Dewey Decimal Classification
DR AbdElwahab Library
DR AbdElwahab Library
09/06/2025
956.722 ح ي د
000018570
09/06/2025
09/06/2025
Books
Place hold
Print
Add to your cart
(remove)
Save record
BIBTEX
Dublin Core
MARCXML
MARC (non-Unicode/MARC-8)
MARC (Unicode/UTF-8)
MARC (Unicode/UTF-8, Standard)
MODS (XML)
RIS
ISBD
More searches
Search for this title in:
Other Libraries (WorldCat)
Other Databases (Google Scholar)
Online Stores (Bookfinder.com)
Open Library (openlibrary.org)
Exporting to Dublin Core...
×
Simple DC-RDF
OAI-DC
SRW-DC